Dog Breeds by Picture - Hound Group - Statistics

General Stats
  • This quiz has been taken 617 times
  • The average score is 10 of 16
Answer Stats
Picture Hint Answer % Correct
Beagle
99%
Bloodhound
82%
Greyhound
81%
Basset Hound
80%
Afghan Hound
77%
Whippet
76%
Saluki
67%
Irish Wolfhound
66%
Basenji
60%
Rhodesian Ridgeback
60%
Borzoi
57%
________ Dachshund Wire Haired
56%
________ Dachshund Smooth Haired
48%
Otterhound
46%
Foxhound
37%
Pharoah Hound
26%
No matching quizzes found
Score Distribution
Percent of People with Each Score
Percentile by Number Answered
Your Score History
You have not taken this quiz